书目信息 |
| 题名: |
珞珈风
|
|
| 作者: | 张海东 , 陈作涛 主编 | |
| 分册: | ||
| 出版信息: | 武汉 武汉大学出版社 2009.11 |
|
| 页数: | 398页 | |
| 开本: | 21cm | |
| 丛书名: | ||
| 单 册: | ||
| 中图分类: | I217.61 | |
| 科图分类: | ||
| 主题词: | 文学--wen xue--作品--中国--现代--选集 | |
| 电子资源: | ||
| ISBN: | 978-7-307-07332-6 | |
| 000 | 00999nam0 2200265 450 | |
| 001 | 012010972811 | |
| 005 | 20100403161450.29 | |
| 010 | @a978-7-307-07332-6@dCNY26.00 | |
| 100 | @a20100403d2009 em y0chiy0120 ea | |
| 101 | 0 | @achi |
| 102 | @aCN@b420000 | |
| 105 | @ay z 000zy | |
| 106 | @ar | |
| 200 | 1 | @a珞珈风@Aluo jia feng@e武汉大学校园文学作品选@f主编张海东, 陈作涛@Fzhu bian zhang hai dong,chen zuo tao |
| 210 | @a武汉@c武汉大学出版社@d2009.11 | |
| 215 | @a398页@d21cm | |
| 330 | @a本书为武汉大学校园文学作品集,收录1985-2009年《武汉大学报》副刊96位师生的156篇作品,分为4个部分:诗、词、赋53篇,写实性散文47篇,小说9篇,校园文学评论47篇。 | |
| 333 | @a文学爱好者 | |
| 517 | 1 | @a武汉大学校园文学作品选@Awu han da xue xiao yuan wen xue zuo pin xuan |
| 606 | 0 | @a文学@Awen xue@x作品@y中国@z现代@j选集 |
| 690 | @aI217.61@v4 | |
| 701 | 0 | @a张海东@Azhang hai dong@4主编 |
| 701 | 0 | @a陈作涛@Achen zuo tao@4主编 |
| 801 | 0 | @aCN@bQSSK@c20100403 |
| 905 | @b773371-73@dI217.61@eZ110@f3 | |
| 珞珈风:武汉大学校园文学作品选/主编张海东, 陈作涛.-武汉:武汉大学出版社,2009.11 |
| 398页;21cm |
| 使用对象:文学爱好者 |
| ISBN 978-7-307-07332-6:CNY26.00 |
| 本书为武汉大学校园文学作品集,收录1985-2009年《武汉大学报》副刊96位师生的156篇作品,分为4个部分:诗、词、赋53篇,写实性散文47篇,小说9篇,校园文学评论47篇。 |
| ● |
| 相关链接 |
|
|
|
正题名:珞珈风
索取号:I217.61/Z110
 
预约/预借
| 序号 | 登录号 | 条形码 | 馆藏地/架位号 | 状态 | 备注 |
| 1 | 773371 | 207733719 | 文学库108/108文学库 15排8列4层/ [索取号:I217.61/Z110] | 在馆 | |
| 2 | 773372 | 207733728 | 文学库108/108文学库 15排8列4层/ [索取号:I217.61/Z110] | 在馆 | |
| 3 | 773373 | 207733737 | 社科二线400B/400B社科库 6排3列6层/ [索取号:I217.61/Z110] | 在馆 |